000 00597nam a22001817a 4500
005 20140409111535.0
010 _aENG-109596
020 _a8172543085
_c200.00
035 _aEN-93129
037 _bDBAD/PUB
082 _a000
100 _aSubburaj, V.V.K.
245 _aSura's super guide Air force recruitment examination :
_cby V.V.K. Subburaj
_bselection of airmen /
260 _aChennai
_bSura College of Competition
_c2013
270 _a1620, 'J' Block, 16th Main Road, Anna Nagar
_bChennai
_e600040
300 _avaroius pagings
_c24cm(pbk)
942 _2ddc
_cEN
_mSUB
_h000
999 _c83130
_d83130